000 00567nam a2200205 4500
003 OSt
005 20260530115309.0
008 260506b1977 mx a|||| |||| 00| 0 spa d
040 _aICI
_bspa
_cICI
050 _aZ244
_bJ16
100 1 _aJackson, Hartley Everett,
_932607
245 1 0 _aIntroduccion a la practica de las artes graficas.
264 1 _b F. Trillas,
_c1977
_aMéxico :
300 _a327 páginas
_c23cm
336 _atexto
_2rdacontent
337 _asin medio
_2rdamedia
338 _avolumen
_2rdacarrier
650 4 _aImprenta
_910165
942 _2lcc
_cBK
999 _c13281
_d13281